00604nam a2200181Ia 4500952014600000999001700146003000400163005001700167008004100184040000900225082002200234100002100256245003200277260004200309300000900351650001200360942005000372 00102ddc40708SSaMESbMEScMALd2019-02-20g50.00l4m1o894.812301 AKB/Pp37901r2024-09-05 10:13:01s2024-09-03w2019-02-20yBKzGR30R1 c29965d29965OSt20201229131622.0190216s9999||||xx |||||||||||||| ||und|| coclc a894.812301bAKB/P aAkbar, M V97947 0aPathu Kathakal /cM V Akbar bLipi Publications,c2006.aKozhikode: a104p aStories cBK2ddch894.812301iAKB/Pk894.812301mAKB/P